Sports Quiz

Random Sports or Basketball Quiz

Dallas Mavericks All-Time Leaders Quiz Stats

 Plays Quiz Updated May 9, 2018

Challenge
Share
Tweet
Embed
Score 0/50 Timer 06:00
0 Plays Today
Player % Correct
Dirk Nowitzki
98.8%
Dirk Nowitzki
98.8%
Dirk Nowitzki
98.8%
Dirk Nowitzki
98.6%
Dirk Nowitzki
98.2%
Jason Kidd
87.4%
Jason Kidd
87.3%
Jason Kidd
87.2%
Steve Nash
81.9%
Jason Terry
66.6%
Jason Terry
66.6%
Jason Terry
66.5%
Michael Finley
58.8%
Michael Finley
58.8%
Michael Finley
58.8%
Michael Finley
58.8%
Mark Aguirre
48.1%
Mark Aguirre
48.1%
Mark Aguirre
48.1%
Mark Aguirre
48.1%
Rolando Blackman
47.3%
Rolando Blackman
47.3%
Rolando Blackman
47.3%
Rolando Blackman
47.3%
Shawn Bradley
44.5%
Player % Correct
Shawn Bradley
44.4%
J.J. Barea
41.3%
Derek Harper
38.9%
Derek Harper
38.9%
Derek Harper
38.9%
Josh Howard
37.4%
Devin Harris
35.6%
Erick Dampier
34.3%
Erick Dampier
34.3%
Herb Williams
30.6%
Lorenzo Williams
30.5%
Brad Davis
29%
Brad Davis
29%
Brad Davis
29%
Roy Tarpley
24.4%
Roy Tarpley
24.4%
James Donaldson
18.9%
James Donaldson
18.9%
Sam Perkins
16.4%
Sam Perkins
16.4%
Sam Perkins
16.4%
Sam Perkins
16.4%
DeSagana Diop
12.5%
Jay Vincent
8.8%
Kurt Nimphius
4%

You're not logged in!

Compare scores with friends on all Sporcle quizzes.
OR
Log In

You Might Also Like...

Show Comments

Extras

Top Quizzes Today


Score Distribution

Your Account Isn't Verified!

In order to create a playlist on Sporcle, you need to verify the email address you used during registration. Go to your Sporcle Settings to finish the process.

Report this User

Report this user for behavior that violates our Community Guidelines.

Details: